Countries with the Most NFL Players per Capita - Statistics

General Stats
  • This quiz has been taken 42 times
  • The average score is 5 of 10
Answer Stats
Players/1M Answer % Correct
7.3 United States
100%
0.67 Canada
98%
108.6 American Samoa
66%
4.6 Samoa
66%
0.37 Australia
59%
9.6 Tonga
46%
1.4 Jamaica
34%
2.5 Bahamas
27%
11.9 U.S. Virgin Islands
27%
2.4 Belize
24%
No matching quizzes found
Score Distribution
Percent of People with Each Score
Percentile by Number Answered
Your Score History
You have not taken this quiz